Предпринимательское право: учебное пособие

Bibliographische Detailangaben
1. Verfasser: Камышев Э. Н. Эдуард Николаевич
Körperschaft: Томский политехнический университет (ТПУ) Институт дистанционного образования (ИДО)
Weitere Verfasser: Касьянов А. А. Анатолий Анатольевич
Zusammenfassung:Учебное пособие с практикумом по предпринимательскому праву, включающее в себя конспект лекций, контрольные вопросы и задания, тесты для самопроверки, а также список рекомендованной литературы, подготовлено преподавателями кафедры социологии, психологии и права Томского политехнического университета Камышевым Эдуардом Николаевичем и Касьяновым Анатолием Анатольевичем. Пособие составлено, исходя из требований государственного стандарта подготовки специалистов экономических специальностей, утвержденного Минобразованием РФ. Пособие предназначено студентам специальности 080502 «Экономика и управление на предприятии» Института дистанционного образования.
Sprache:Russisch
Veröffentlicht: Томск, Изд-во ТПУ, 2005
Schlagworte:
Format: Buch
KOHA link:https://koha.lib.tpu.ru/cgi-bin/koha/opac-detail.pl?biblionumber=63689

MARC

LEADER 00000nam0a2200000 4500
001 63689
005 20231101212100.0
035 |a (RuTPU)RU\TPU\book\67588 
090 |a 63689 
100 |a 20040519d2005 m y0rusy50 ca 
101 0 |a rus 
102 |a RU 
105 |a y j 000zy 
200 1 |a Предпринимательское право  |e учебное пособие  |f Э. Н. Камышев, А. А. Касьянов  |g Томский политехнический университет; Институт дистанционного образования 
210 |a Томск  |c Изд-во ТПУ  |d 2005 
215 |a 148 с. 
330 |a Учебное пособие с практикумом по предпринимательскому праву, включающее в себя конспект лекций, контрольные вопросы и задания, тесты для самопроверки, а также список рекомендованной литературы, подготовлено преподавателями кафедры социологии, психологии и права Томского политехнического университета Камышевым Эдуардом Николаевичем и Касьяновым Анатолием Анатольевичем. Пособие составлено, исходя из требований государственного стандарта подготовки специалистов экономических специальностей, утвержденного Минобразованием РФ. Пособие предназначено студентам специальности 080502 «Экономика и управление на предприятии» Института дистанционного образования. 
606 1 |a Предпринимательское право  |2 stltpush  |3 (RuTPU)RU\TPU\subj\51122  |9 69731 
610 1 |a право 
610 1 |a хозяйственное право 
610 1 |a вещные права 
610 1 |a обязательное право 
610 1 |a договорное право 
610 1 |a договор купли-продажи 
610 1 |a договор розничной купли-продажи 
610 1 |a договор поставки 
610 1 |a недвижимость 
610 1 |a продажи 
610 1 |a аренда 
610 1 |a заемы 
610 1 |a кредит 
610 1 |a расчеты 
610 1 |a простые товарищества 
610 1 |a инвестиционная деятельность 
610 1 |a дистанционное образование 
610 1 |a учебные пособия 
610 1 |a труды учёных ТПУ 
686 |a Х623я73  |v LBC/SL-A  |2 rubbk 
700 1 |a Камышев  |b Э. Н.  |c российский ученый  |c профессор кафедры социологии, психологии и права ТПУ  |f 1943-  |g Эдуард Николаевич  |2 stltpush  |3 (RuTPU)RU\TPU\pers\19796 
701 1 |a Касьянов  |b А. А.  |g Анатолий Анатольевич 
712 0 2 |a Томский политехнический университет (ТПУ)  |b Институт дистанционного образования (ИДО)  |2 stltpush  |3 (RuTPU)RU\TPU\col\12625 
801 1 |a RU  |b 63413507  |c 20040519  |g PSBO 
801 2 |a RU  |b 63413507  |c 20220422  |g PSBO 
942 |c BK